000
00255nam a2200109Ia 4500
008
220204s9999 xx 000 0 und d
082
_b
CHA
100
_a
Chase, James Hadley
245
0
_a
Tiger by the tail
260
_a
London
_b
Panther
_c
1972
942
_c
BK
999
_c
32879
_d
32879